Top 10 - Buteurs en Ligue 1 saison 14/15 - Statistiques

Statistiques générales
  • Ce quiz a été pris 54 fois
  • Le résultat moyen est 6 sur 10
Statistiques - réponses
Club Buts Joueur % Correct
Paris Saint-Germain 18 Edinson Cavani
100%
Olympique Lyonnais 27 Alexandre Lacazette
98%
Paris Saint-Germain 19 Zlatan Ibrahimovic
92%
Toulouse FC 14 Wissam Ben Yedder
78%
Olympique de Marseille 21 André-Pierre Gignac
73%
EA Guingamp 17 Claudio Beauvue
61%
Olympique Lyonnais 13 Nabil Fékir
53%
AS Saint-Etienne 17 Max-Alain Gradel
33%
Girondins de Bordeaux 15 Diego Rolan
22%
FC Lorient 12 Jordan Ayew
16%
Aucun quiz correspondant
Distribution des résultats
% des personnes avec chaque résultat
Percentile par nombre de réponses
Votre historique - résultats
Vous n’avez pas pris ce quiz